Complex Fractures of the Limbs Diagnosis and Management /

This book provides up-to-date guidance on the diagnosis and treatment of the most important complex fractures of the limbs, including fractures of the proximal and distal humerus, fractures and dislocations of the elbow, fractures of the distal radius, pelvis, acetabulum, distal femur, proximal tibi...

Full description

Bibliographic Details
Corporate Author: SpringerLink (Online service)
Other Authors: Rodríguez-Merchán, E. Carlos (Editor), Rubio-Suárez, Juan Carlos (Editor)
Format: Electronic eBook
Language:English
Published: Cham : Springer International Publishing : Imprint: Springer, 2014.
Subjects:
Online Access:Full Text via HEAL-Link
LEADER 03520nam a22004455i 4500
001 978-3-319-04441-5
003 DE-He213
005 20151204161741.0
007 cr nn 008mamaa
008 140417s2014 gw | s |||| 0|eng d
020 |a 9783319044415  |9 978-3-319-04441-5 
024 7 |a 10.1007/978-3-319-04441-5  |2 doi 
040 |d GrThAP 
050 4 |a R1 
072 7 |a MB  |2 bicssc 
072 7 |a MED000000  |2 bisacsh 
082 0 4 |a 610  |2 23 
245 1 0 |a Complex Fractures of the Limbs  |h [electronic resource] :  |b Diagnosis and Management /  |c edited by E. Carlos Rodríguez-Merchán, Juan Carlos Rubio-Suárez. 
264 1 |a Cham :  |b Springer International Publishing :  |b Imprint: Springer,  |c 2014. 
300 |a VIII, 171 p. 74 illus., 29 illus. in color.  |b online resource. 
336 |a text  |b txt  |2 rdacontent 
337 |a computer  |b c  |2 rdamedia 
338 |a online resource  |b cr  |2 rdacarrier 
347 |a text file  |b PDF  |2 rda 
505 0 |a 1 Complex fractures of the proximal humerus -- 2 Complex fractures of the distal humerus -- 3 Fracture-dislocations of the elbow -- 4 Complex fractures of the distal radius -- 5 Complex fractures of the pelvis -- 6 Complex fractures of the acetabulum -- 7 Complex fractures of the distal femur -- 8 Complex fractures of the proximal tibia -- 9 Complex fractures of the tibial pilon -- 10 Complex fractures of the calcaneus -- 11 Complex open fractures -- 12 Soft tissue coverage in complex fractures of the limbs -- 13 Nonunion of complex fractures of the limbs -- 14 Management of post-traumatic bone defects -- 15 Polytrauma patient: damage control management and immediate bone fixation.-16 Surgical treatment of osteoporotic knee fractures -- 17 Rehabilitation of complex bone fractures of the limbs. 
520 |a This book provides up-to-date guidance on the diagnosis and treatment of the most important complex fractures of the limbs, including fractures of the proximal and distal humerus, fractures and dislocations of the elbow, fractures of the distal radius, pelvis, acetabulum, distal femur, proximal tibia, tibial pilon, calcaneus and osteoporotic knee fractures. The most complex articular fractures are analyzed, soft tissue coverage is reviewed, and the management of open fractures and nonunions is described and illustrated. Other chapters consider damage control management and immediate bone fixation in the polytrauma patient, skeletal reconstruction and rehabilitation of complex fractures of the limbs. The book offers guidance to orthopaedic surgeons on which treatment options afford the best preservation of fully functional joints around the fractured bone. With this goal in mind, the authors have developed strategies that can restore full articular function of the limbs in both the short and the long term. Complex Fractures of the Limbs will be an invaluable aid to orthopaedic surgeons in treating patients with this very common and important clinical problem. 
650 0 |a Medicine. 
650 0 |a Orthopedics. 
650 1 4 |a Medicine & Public Health. 
650 2 4 |a Medicine/Public Health, general. 
650 2 4 |a Orthopedics. 
650 2 4 |a Surgical Orthopedics. 
700 1 |a Rodríguez-Merchán, E. Carlos.  |e editor. 
700 1 |a Rubio-Suárez, Juan Carlos.  |e editor. 
710 2 |a SpringerLink (Online service) 
773 0 |t Springer eBooks 
776 0 8 |i Printed edition:  |z 9783319044408 
856 4 0 |u http://dx.doi.org/10.1007/978-3-319-04441-5  |z Full Text via HEAL-Link 
912 |a ZDB-2-SME 
950 |a Medicine (Springer-11650)